Statistics for Business and Economics (Record no. 2557)

MARC details
005 - DATE AND TIME OF LATEST TRANSACTION
control field 20250528073332.0
020 ## - INTERNATIONAL STANDARD BOOK NUMBER
International Standard Book Number 0-13-046643-3
082 ## - DEWEY DECIMAL CLASSIFICATION NUMBER
Classification number LECT 519.5 MCC
100 ## - MAIN ENTRY--PERSONAL NAME
Author name McCLAVE, J. T.
245 ## - TITLE STATEMENT
Title Statistics for Business and Economics
250 ## - EDITION STATEMENT
Edition statement 9th Ed.
260 ## - PUBLICATION, DISTRIBUTION, ETC.
Place of publication, distribution, etc. New Jersey,
Name of publisher, distributor, etc. Pearson Education, Inc,
Date of publication, distribution, etc. 2005.
300 ## - PHYSICAL DESCRIPTION
Extent xxii, 1193p.: ill.; figure, picture, table.
Other physical details Index.
Dimensions 26cm.
700 ## - ADDED ENTRY--PERSONAL NAME
Other authors/Editors BENSON, P. G & SINCICH, T.
856 ## - ELECTRONIC LOCATION AND ACCESS
Link text Access Online Book
Electronic name Statistics for Business and Economics
Path www.prenhall.com
942 ## - ADDED ENTRY ELEMENTS (KOHA)
Source of classification or shelving scheme Dewey Decimal Classification
Koha item type Books
Holdings
Date last seen Total checkouts Full call number Barcode Cost, replacement price Price effective from Koha item type Lost status Source of classification or shelving scheme Damaged status Not for loan Withdrawn status Home library Current library Shelving location Date acquired Cost, normal purchase price
05/23/2025   LECT 519.5 MCC 0000009659 150000.00 05/23/2025 Books   Dewey Decimal Classification       College of Business Education Main Library College of Business Education Main Library General Collection 11/28/2014 50000.00
05/28/2025   LECT 519.5 MCC 00000010307 150000.00 05/28/2025 Books   Dewey Decimal Classification       College of Business Education Main Library College of Business Education Main Library General Collection 11/28/2014 10000.00